Африка в контексте формирования новой системы международных отношений (Запись № 10575577)

Подробности
000 -МАРКЕР
контрольное поле 02188nam0a2200325 i 4500
001 - ИДЕНТИФИКАТОР ЗАПИСИ
контрольное поле RU\NLR\BIBL_A\010297149
005 - ИДЕНТИФИКАТОР ВЕРСИИ
контрольное поле 20260408113509.0
010 ## - МЕЖДУНАРОДНЫЙ СТАНДАРТНЫЙ НОМЕР КНИГИ (ISBN)
Номер (ISBN) 9785209053408
Тираж 100
021 ## - НОМЕР ГОСУДАРСТВЕННОЙ РЕГИСТРАЦИИ
Код страны Российская Федерация
Номер 2014-4705
Номер Листа государственной регистраци 289
035 ## - ДРУГИЕ СИСТЕМНЫЕ НОМЕРА
Идентификатор записи (NILC)RuMoRGB-006735933
035 ## - ДРУГИЕ СИСТЕМНЫЕ НОМЕРА
Идентификатор записи (NLR Aleph) 010297149
100 ## - ДАННЫЕ ОБЩЕЙ ОБРАБОТКИ
Данные общей обработки 20140324d2013 k y0rusy50 ca
101 0# - ЯЗЫК РЕСУРСА
Язык текста, звукозаписи и т.д. русский
102 ## - СТРАНА ПУБЛИКАЦИИ ИЛИ ПРОИЗВОДСТВА
Страна публикации Российская Федерация
105 ## - ПОЛЕ КОДИРОВАННЫХ ДАННЫХ: ТЕКСТОВЫЕ МАТЕРИАЛЫ, МОНОГРАФИЧЕСКИЕ
Кодированные данные о монографическом текстовом документе y|||z|||000yy
200 1# - ЗАГЛАВИЕ И СВЕДЕНИЯ ОБ ОТВЕТСТВЕННОСТИ
Основное заглавие Африка в контексте формирования новой системы международных отношений
Сведения, относящиеся к заглавию материалы II межвузовской научной конференции, посвященной 5-летию кабинета африканистики факультета гуманитарных и социальных наук РУДН, Москва, 30 марта 2013 г.
Первые сведения об ответственности [под ред. д.и.н., проф. Ныгусие Кассае В. Микаэля]
210 ## - ПУБЛИКАЦИЯ, РАСПРОСТРАНЕНИЕ И ДР.
Место издания, распространения и т.д. Москва
Имя издателя, распространителя и т. д. РУДН
Дата издания, распространения и т.д. 2013
215 ## - ФИЗИЧЕСКАЯ ХАРАКТЕРИСТИКА
Специфическое обозначение материала и объем 241 с.
Размеры 21
300 ## - ОБЩИЕ ПРИМЕЧАНИЯ
Текст примечания В надзаг.: М-во образования и науки Российской Федерации, Российский ун-т дружбы народов, Фак. гуманитарных и социальных наук, Каф. теории и истории междунар. отношений
320 ## - ПРИМЕЧАНИЯ О НАЛИЧИИ В ДОКУМЕНТЕ БИБЛИОГРАФИИ / УКАЗАТЕЛЯ
Текст примечания Библиогр. в конце ст.
606 1# - НАИМЕНОВАНИЕ ТЕМЫ КАК ПРЕДМЕТ
Наименование темы Международные отношения
Формальный подзаголовок Съезды, совещания и т.п
Географический подзаголовок Африканские страны
Хронологический подзаголовок 20 - 21 вв.
Системный номер авторитетной/нормативной записи 2612411
Идентификатор авторитетной/нормативной записи RU\NLR\AUTH\661548969
686 1# - ИНДЕКСЫ ДРУГИХ КЛАССИФИКАЦИЙ
Индекс Т3(6)63-6я431
702 #1 - ИМЯ ЛИЦА - ВТОРИЧНАЯ ОТВЕТСТВЕННОСТЬ
Код отношения Редактор
Графика поля Кириллица
Материалы, к которым относится поле rus
Начальный элемент ввода Кассае
Часть имени, кроме начального элемента ввода Н. В. М.
Даты 1961-
Расширение инициалов личного имени Ныгусие Вольде Микаэль
Системный номер авторитетной/нормативной записи 26479
Идентификатор авторитетной/нормативной записи RU\NLR\AUTH\7743536
711 12 - НАИМЕНОВАНИЕ ОРГАНИЗАЦИИ - АЛЬТЕРНАТИВНАЯ ОТВЕТСТВЕННОСТЬ
Начальный элемент ввода "Африка в контексте формирования новой системы международных отношений", межвузовская научная конференция
Порядковый номер временной организации и / или порядковый номер ее части 2
Место проведения временной организации Москва
Дата проведения временной организации 2013
Системный номер авторитетной/нормативной записи 395762
Идентификатор авторитетной/нормативной записи RU\NLR\AUTH\880364434
801 #0 - ИСТОЧНИК ЗАПИСИ
Страна Российская Федерация
Организация РГБ
Дата составления 20140210
Правила каталогизации RCR
942 ## - ДОПОЛНИТЕЛЬНЫЕ ЭЛЕМЕНТЫ ЗАПИСИ (АБИС)
Тип экземпляра АБИС Книга
980 ## - КОЛЛЕКЦИЯ
Название коллекции НБР

Нет доступных экземпляров.